| Tag |
First Indicator |
Second Indicator |
Subfields |
| LEADER |
00000cam a2200000Ia 4500 |
| 001 |
in00001829513 |
| 005 |
20151026053005.0 |
| 008 |
040301s2003 ne a b 101 0 eng d |
| 020 |
|
|
|a 0080442684
|
| 035 |
|
|
|a (OCoLC)ocm54508115
|
| 040 |
|
|
|a IXA
|c IXA
|d TXA
|d UtOrBLW
|
| 049 |
|
|
|a TXAM
|
| 090 |
|
|
|a TA349
|b .I575 2003
|
| 111 |
2 |
|
|a International Symposium on Inverse Problems
|d (2003 :
|c Nagano-shi, Japan)
|
| 245 |
1 |
0 |
|a Inverse problems in engineering mechanics IV :
|b International Symposium on Inverse Problems in Engneering Mechanics 2003 (ISIP 2003), Nagano, Japan /
|c editor, Masa. Tanaka.
|
| 250 |
|
|
|a 1st ed.
|
| 264 |
|
1 |
|a Amsterdam ;
|a Boston :
|b Elsevier Science,
|c 2003.
|
| 300 |
|
|
|a xii, 532 pages :
|b illustrations ;
|c 25 cm.
|
| 336 |
|
|
|a text
|b txt
|2 rdacontent
|
| 337 |
|
|
|a unmediated
|b n
|2 rdamedia
|
| 338 |
|
|
|a volume
|b nc
|2 rdacarrier
|
| 504 |
|
|
|a Includes bibliographical references and index.
|
| 650 |
|
0 |
|a Mechanics, Applied
|v Congresses.
|
| 650 |
|
0 |
|a Inverse problems (Differential equations)
|v Congresses.
|
| 700 |
1 |
|
|a Tanaka, M.
|q (Masataka),
|d 1943-
|
| 948 |
|
|
|a cataloged
|b h
|c 2004/3/29
|d c
|e jgreene
|f 11:17:39 am
|
| 994 |
|
|
|a E0
|b TXA
|
| 999 |
|
|
|a MARS
|
| 999 |
f |
f |
|s f6a75807-4af3-30a8-bdfd-355448a2e18a
|i 2f904f90-bd28-3b50-8041-1fb93753891e
|t 0
|
| 952 |
f |
f |
|p ric
|a Texas A&M University
|b Rellis Campus
|c Joint Library Facility
|d Remote Storage
|t 0
|e TA349 .I575 2003
|h Library of Congress classification
|i unmediated -- volume
|m A14831095116
|
| 998 |
f |
f |
|a TA349 .I575 2003
|t 0
|l Remote Storage
|